Loading...
| Fine Arts - Classical Music and Opera | 6 | 5.00 | 17% | 33% | 0% |
| Fine Arts - Other Arts | 5 | 6.00 | 40% | 20% | 0% |
| Fine Arts - Painting and Sculpture | 1 | 10.00 | 100% | 0% | 0% |
| Geography | 2 | 10.00 | 50% | 50% | 0% |
| History - American History | 8 | 7.50 | 75% | 0% | 0% |
| History - European History | 2 | 10.00 | 50% | 50% | 0% |
| History - Other History | 6 | 10.00 | 50% | 50% | 0% |
| History - World History | 5 | 10.00 | 80% | 20% | 0% |
| Literature - American Literature | 4 | 15.00 | 75% | 75% | 0% |
| Literature - British Literature | 5 | 10.00 | 80% | 0% | 20% |
| Literature - European Literature | 1 | 20.00 | 100% | 100% | 0% |
| Literature - World Literature | 6 | 8.33 | 50% | 33% | 0% |
| Modern World | 1 | 10.00 | 100% | 0% | 0% |
| Mythology | 2 | 5.00 | 50% | 0% | 0% |
| Other Academic | 2 | 15.00 | 100% | 0% | 50% |
| Other Culture | 1 | 0.00 | 0% | 0% | 0% |
| Other Science (Computer Science) | 1 | 10.00 | 0% | 100% | 0% |
| Other Science (Earth Science) | 1 | 0.00 | 0% | 0% | 0% |
| Other Science (Engineering) | 1 | 10.00 | 0% | 100% | 0% |
| Other Science (Math) | 1 | 10.00 | 100% | 0% | 0% |
| Other Science (Mixed/Any) | 1 | 10.00 | 100% | 0% | 0% |
| Philosophy | 2 | 5.00 | 50% | 0% | 0% |
| Religion | 3 | 13.33 | 33% | 67% | 33% |
| Science - Biology | 2 | 10.00 | 100% | 0% | 0% |
| Science - Chemistry | 3 | 10.00 | 100% | 0% | 0% |
| Science - Physics | 4 | 10.00 | 50% | 25% | 25% |
| Social Science | 3 | 13.33 | 100% | 33% | 0% |